00300nam a2200133Ia 4500003000400000005001700004008004100021020001600062040002700078100001700105100000900122245002700131260000800158OSt20240106152753.0170524s9999 xx 000 0 und d a97800700871 ciimt university meerut aAswathappa K c2011 0aINTERNATIONAL BUSINESS aTMH